| 000 | 00860nam a2200217Ia 4500 | ||
|---|---|---|---|
| 999 |
_c39248 _d39248 |
||
| 001 | 5834 | ||
| 003 | GE_BSU | ||
| 005 | 20190912103311.0 | ||
| 008 | 181216s1947||||ge |||||||||||||| ||geo|| | ||
| 040 | _cGE_BSU | ||
| 041 | _ageo | ||
| 080 | _a821.353.1-32 ა-30 | ||
| 100 |
_aავალიანი, ლ. _93958 |
||
| 245 |
_aნოველები / _cლ. ავალიანი ; რედ. გ. ნატროშვილი. |
||
| 264 |
_aთბილისი : _bსაბჭოთა მწერალი-ს გამ-ბა და სტ. ; _c1947. |
||
| 300 |
_a106 გვ. ; _c 22 სმ. |
||
| 653 | _aნოველები | ||
| 653 | _a[სიდუ, კავალერი, დალის დალალები ...] | ||
| 700 |
_aნატროშვილი, გ. _eრედაქტორი _93959 |
||
| 942 |
_cBK _2udc |
||